[Event "Richard Riordan GM Rapid"]
[Site "Natanya ISR"]
[Date "2009.07.12"]
[Round "1"]
[White "Golod,V"]
[Black "Gelfand,B"]
[Result "1/2-1/2"]
[WhiteElo "2599"]
[BlackElo "2755"]
[EventDate "2009.07.12"]

1. d4 d5 2. c4 c6 3. Nf3 Nf6 4. e3 Bf5 5. Nc3 e6 6. Nh4 Bg6 7. Be2 Nbd7 8.
Bd2 Bd6 9. Rc1 a6 10. h3 dxc4 11. Bxc4 c5 12. dxc5 Bxc5 13. Nxg6 hxg6 14.
Be2 O-O 15. O-O Ne5 16. Qc2 Rc8 17. Rfd1 Ba7 18. Qb3 Qe7 19. Be1 g5 20. Qa4
g4 21. Ne4 Rxc1 22. Rxc1 Nd5 23. hxg4 Qh4 24. g5 Ng4 25. Bxg4 Qxg4 26. Bd2
Bb8 27. Qd4 Qh5 28. g3 Qf3 29. Bc3 Nxc3 30. Rxc3 Qe2 31. Rc1 Qb5 32. Kg2
Be5 33. a4 Bxd4 34. axb5 Bxb2 35. Rc7 Rb8 36. bxa6 bxa6 37. Ra7 Rb6 38. Nc5
Rb5 39. g6 fxg6 40. Nxa6 Be5 41. Nc7 Bxc7 42. Rxc7 Kf8 43. g4 g5 44. Kf3
Ra5 45. Rb7 Rc5 46. Ra7 Rb5 47. Ke4 Rb2 48. f4 gxf4 49. exf4 1/2-1/2

[Event "Richard Riordan GM Rapid"]
[Site "Natanya ISR"]
[Date "2009.07.12"]
[Round "1"]
[White "Najer,E"]
[Black "Beliavsky,A"]
[Result "1-0"]
[WhiteElo "2663"]
[BlackElo "2662"]
[EventDate "2009.07.12"]

1. e4 e5 2. Nf3 Nc6 3. Nc3 Nf6 4. Bb5 Nd4 5. Bc4 d6 6. Nxd4 exd4 7. Nd5
Nxd5 8. Bxd5 c6 9. Bb3 a5 10. a4 g6 11. O-O Bg7 12. d3 O-O 13. h3 h6 1-0

[Event "Richard Riordan GM Rapid"]
[Site "Natanya ISR"]
[Date "2009.07.12"]
[Round "1"]
[White "Fridman,D2"]
[Black "Sutovsky,E"]
[Result "1/2-1/2"]
[WhiteElo "2665"]
[BlackElo "2675"]
[EventDate "2009.07.12"]

1. d4 Nf6 2. c4 g6 3. Nc3 d5 4. cxd5 Nxd5 5. Bd2 Bg7 6. Nf3 O-O 7. Rc1 Nxc3
8. Bxc3 Bg4 9. e3 c5 10. dxc5 Bxc3+ 11. Rxc3 Qa5 12. a3 Bxf3 13. Qc2 Nc6
14. gxf3 Qc7 15. b4 e5 16. f4 Rfd8 17. f5 Qe7 18. Bg2 a5 19. b5 Nd4 20. Qe4
Nxb5 21. Rc1 Rac8 22. Qxb7 Qxb7 23. Bxb7 Rc7 24. Be4 Nd6 25. Bf3 e4 26. Bg2
Rf8 27. fxg6 hxg6 28. Rd1 Nb5 29. Bxe4 Rfc8 30. O-O Rxc5 31. Bb7 Nc3 32.
Bxc8 Nxd1 1/2-1/2

[Event "Richard Riordan GM Rapid"]
[Site "Natanya ISR"]
[Date "2009.07.12"]
[Round "2"]
[White "Beliavsky,A"]
[Black "Fridman,D2"]
[Result "1-0"]
[WhiteElo "2662"]
[BlackElo "2665"]
[EventDate "2009.07.12"]

1. d4 d5 2. c4 c6 3. Nf3 Nf6 4. Nc3 e6 5. Bg5 Nbd7 6. cxd5 cxd5 7. e3 a6 8.
Be2 b5 9. Ne5 Bb7 10. Nd3 Rc8 11. O-O Be7 12. Rc1 Qa5 13. a3 O-O 14. Qb3 h6
15. Bh4 Nb6 16. Nc5 Bxc5 17. dxc5 Nc4 18. Bxf6 gxf6 19. Qa2 Kh8 20. b4 Qc7
21. Bxc4 dxc4 22. Qe2 Rg8 23. e4 Rcd8 24. Qe3 Kh7 25. Rcd1 f5 26. f3 Qe5
27. f4 Qg7 28. g3 fxe4 29. Nxe4 Qb2 30. Qc3 Qe2 31. Rde1 Qd3 32. Nf6+ Kg7
33. Qxd3 Rxd3 34. Nxg8 Kxg8 35. f5 exf5 36. Rxf5 c3 37. Rf2 Bf3 38. Rc2 Bd1
39. c6 1-0

[Event "Richard Riordan GM Rapid"]
[Site "Natanya ISR"]
[Date "2009.07.12"]
[Round "2"]
[White "Gelfand,B"]
[Black "Najer,E"]
[Result "0-1"]
[WhiteElo "2755"]
[BlackElo "2663"]
[EventDate "2009.07.12"]

1. d4 d5 2. c3 c6 3. c4 Nf6 4. Nf3 e6 5. Nc3 Nbd7 6. e3 dxc4 7. Bxc4 b5 8.
Bd3 Bb7 9. a3 Bd6 10. O-O O-O 11. Qc2 Qe7 12. e4 e5 13. Ne2 Rfe8 14. Ng3
exd4 15. Nxd4 g6 16. Bg5 a6 17. Nb3 c5 18. Na5 Bxg3 19. fxg3 Bxe4 20. Bxe4
Qxe4 21. Qf2 Re6 22. Rad1 Qg4 23. Be3 Ne5 24. Bxc5 Qh5 25. Qd4 Neg4 26. h3
Ne3 27. Qxe3 Rxe3 28. Bxe3 Nd5 29. g4 Qe5 30. Bd4 Qc7 31. Nb3 Re8 32. Nc5
Nf4 33. Kh1 h5 34. gxh5 Nxh5 35. Bf2 Re2 36. Nd3 Ng3+ 37. Bxg3 Qxg3 38. Rg1
a5 39. b3 Ra2 40. a4 bxa4 41. bxa4 Rxa4 42. Rgf1 Ra2 43. Ne1 Re2 44. Rg1 a4
45. Nf3 a3 46. Rd3 a2 47. Ra3 Qb8 48. Nd4 Rb2 49. Nc6 Qb7 50. Na5 Qb4 0-1

[Event "Richard Riordan GM Rapid"]
[Site "Natanya ISR"]
[Date "2009.07.12"]
[Round "3"]
[White "Fridman,D2"]
[Black "Gelfand,B"]
[Result "1/2-1/2"]
[WhiteElo "2665"]
[BlackElo "2755"]
[EventDate "2009.07.12"]

1. d4 d5 2. c4 e6 3. Nf3 Nf6 4. g3 Bb4+ 5. Bd2 Be7 6. Bg2 O-O 7. O-O c6 8.
Bf4 Nbd7 9. Qc2 b6 10. Nc3 Nh5 11. Bc1 Nhf6 12. Bf4 Nh5 13. Bc1 Nhf6 14. b3
Ba6 15. Rd1 Rc8 16. e4 dxc4 17. Nd2 b5 18. bxc4 bxc4 19. Qa4 Bb5 20. Qc2
Qa5 21. a4 Ba6 22. Ba3 Bxa3 23. Rxa3 c5 24. d5 Ne5 25. Rda1 Rb8 26. Nb5
exd5 27. exd5 Bxb5 28. axb5 Qxb5 29. f4 Nd3 30. Qxc4 Nb4 31. Ra5 Qe8 32.
Nf1 Qd8 33. Qxc5 Nd7 34. Qf2 a6 35. h3 Re8 36. Kh2 Rc8 37. Qd2 Qb6 38. R5a4
a5 39. d6 Re6 40. Rxa5 Rxd6 41. Qe3 Qd8 42. Ra8 Nb8 43. Rc1 Ra6 44. Qd2 Qf8
45. Rxa6 1/2-1/2

[Event "Richard Riordan GM Rapid"]
[Site "Natanya ISR"]
[Date "2009.07.12"]
[Round "3"]
[White "Nepomniachtchi,I"]
[Black "Sutovsky,E"]
[Result "1-0"]
[WhiteElo "2632"]
[BlackElo "2675"]
[EventDate "2009.07.12"]

1. e4 e5 2. Nf3 Nc6 3. Bc4 Bc5 4. c3 Nf6 5. d3 d6 6. h3 h6 7. Bb3 O-O 8.
Nbd2 Be6 9. Nf1 d5 10. Qe2 Na5 11. Bxd5 Bxd5 12. exd5 Nxd5 13. Ng3 Nf4 14.
Bxf4 exf4 15. Ne4 Re8 16. b4 Bb6 17. bxa5 Bxa5 18. O-O f5 19. Qc2 fxe4 20.
dxe4 Bb6 21. Rad1 Qe7 22. e5 Rad8 23. Qe4 Rxd1 24. Rxd1 Qc5 25. Qg6 Qxf2+
26. Kh1 1-0

[Event "Richard Riordan GM Rapid"]
[Site "Natanya ISR"]
[Date "2009.07.12"]
[Round "4"]
[White "Rodshtein,M"]
[Black "Avrukh,B"]
[Result "1-0"]
[WhiteElo "2623"]
[BlackElo "2641"]
[EventDate "2009.07.12"]

1. Nf3 d5 2. d4 a6 3. Bf4 Nf6 4. e3 e6 5. Nbd2 c5 6. c3 Nc6 7. Bd3 cxd4 8.
exd4 Bd6 9. Ne5 Qc7 10. Qe2 g6 11. Ndf3 Nh5 12. Bh6 f6 13. Nxc6 bxc6 14. g3
Ng7 15. O-O Nf5 16. Bxf5 gxf5 17. c4 Rg8 18. Nh4 Qe7 19. Rfe1 Rg4 20. c5
Bc7 21. Nxf5 1-0

[Event "Richard Riordan GM Rapid"]
[Site "Natanya ISR"]
[Date "2009.07.12"]
[Round "4"]
[White "Gelfand,B"]
[Black "Eljanov,P"]
[Result "1/2-1/2"]
[WhiteElo "2755"]
[BlackElo "2716"]
[EventDate "2009.07.12"]

1. e4 d6 2. d4 Nf6 3. f3 e5 4. d5 Be7 5. Be3 O-O 6. c4 Nh5 7. Qd2 h6 8. Nc3
a5 9. g3 Bg5 10. Bd3 Na6 11. Nge2 Bxe3 12. Qxe3 Nc5 13. Bc2 c6 14. g4 Qh4+
15. Qf2 Qxf2+ 16. Kxf2 Nf6 17. Rhd1 Rd8 18. Ng3 cxd5 19. exd5 Bd7 20. h4 g6
21. Rh1 Kg7 22. h5 Rab8 23. a4 Re8 24. hxg6 fxg6 25. Rh4 Rh8 26. Rah1 Rbf8
27. Ke3 Rc8 28. b3 Rcf8 29. Kd2 Rc8 30. R4h2 Rcf8 31. Nd1 e4 32. g5 hxg5
33. Rxh8 Rxh8 34. Rxh8 Kxh8 35. Nxe4 Nfxe4+ 36. fxe4 Kg7 37. Ke3 Kf6 38.
Kd4 b6 39. Nc3 g4 40. Ne2 Bc8 41. Ke3 Kg5 42. Nf4 Nd7 43. Ne6+ Kh4 44. e5
Nxe5 45. Be4 g3 46. Kf4 Nf7 47. Bg2 g5+ 48. Ke3 Nh6 49. Ke4 Ng4 50. Bf1 Bd7
51. Bg2 Be8 52. Nd4 Bg6+ 53. Kf3 Ne5+ 54. Ke3 Kg4 55. Nb5 Bc2 56. Nxd6 Bxb3
57. Kd4 Nf3+ 58. Kc3 Bxa4 59. Nc8 Nh4 60. Bf1 Kf3 61. Nxb6 Be8 62. c5 Kf2
63. Bh3 g4 64. c6 Ng6 65. c7 Ne7 66. d6 gxh3 67. dxe7 h2 68. c8=Q h1=Q 69.
Qxe8 Qc1+ 70. Kd4 Qf4+ 71. Kc5 g2 72. Qf8 Kg3 73. Qg8+ Qg4 74. e8=Q g1=Q+
75. Kb5 Qxg8 76. Qxg8+ Kh2 77. Qh7+ Kg2 78. Qe4+ Kh2 79. Nc4 Qf1 80. Kxa5
Qa1+ 81. Kb4 Qf1 82. Ne3 Qf8+ 83. Kb3 Qf7+ 84. Kb2 Qg7+ 85. Kc2 Kg1 86. Qf4
Qg6+ 87. Kd2 Qg7 88. Qf1+ Kh2 89. Qf2+ Kh1 1/2-1/2

[Event "Richard Riordan GM Rapid"]
[Site "Natanya ISR"]
[Date "2009.07.12"]
[Round "4"]
[White "Golod,V"]
[Black "Najer,E"]
[Result "1/2-1/2"]
[WhiteElo "2599"]
[BlackElo "2663"]
[EventDate "2009.07.12"]

1. d4 d5 2. c4 c6 3. Nf3 Nf6 4. e3 Bg4 5. h3 Bh5 6. Nc3 e6 7. g4 Bg6 8. Ne5
Nbd7 9. Nxg6 hxg6 10. Bd2 Bb4 11. Qf3 Nb6 12. cxd5 exd5 13. Bd3 Qe7 14.
O-O-O O-O-O 15. Kb1 Kb8 16. g5 Ne8 17. a3 Bxc3 18. Bxc3 Nd6 19. h4 Nbc4 20.
Bb4 a5 21. Bc5 b6 22. Bxd6+ Nxd6 23. Rc1 Rc8 24. h5 gxh5 25. Rxh5 Ne4 26.
Bxe4 Rxh5 27. Bf5 Qxg5 28. Bxc8 Qg6+ 29. Ka1 Kxc8 30. Rxc6+ Qxc6 31. Qxh5
Qc1+ 32. Ka2 Qc4+ 33. Ka1 Qf1+ 34. Ka2 Qxf2 35. Qxd5 Qxe3 36. Qc6+ Kd8 37.
Qxb6+ Kd7 38. Qa7+ Ke8 39. Qb8+ Kd7 40. Qa7+ Ke8 1/2-1/2

[Event "Richard Riordan GM Rapid"]
[Site "Natanya ISR"]
[Date "2009.07.12"]
[Round "4"]
[White "Sutovsky,E"]
[Black "Roiz,M"]
[Result "0-1"]
[WhiteElo "2675"]
[BlackElo "2658"]
[EventDate "2009.07.12"]

1. e4 e6 2. d4 d5 3. Nc3 dxe4 4. Nxe4 Nd7 5. Nf3 Ngf6 6. Nxf6+ Nxf6 7. Bg5
c5 8. Bd3 Qa5+ 9. Bd2 Qc7 10. Qe2 a6 11. O-O-O b5 12. Rhe1 c4 13. Be4 Nxe4
14. Qxe4 Bb7 15. Qg4 O-O-O 16. Bf4 Bd6 17. Bxd6 Qxd6 18. Ne5 Qf8 19. Re3
Bd5 20. b3 Kb7 21. bxc4 bxc4 22. Qe2 Rc8 23. Kd2 Ka7 24. Rb1 Qe7 25. f4 f6
26. Ng4 Qd6 27. g3 Rb8 28. Re1 Rhd8 29. Rc3 Rb4 30. Ne3 Qb6 31. Nxd5 Rxd5
32. Qe3 Rxd4+ 33. Ke2 Rd6 34. Kf3 Qxe3+ 35. Rcxe3 Rbb6 36. Re4 Rbc6 37. g4
Kb6 38. g5 Kc5 39. a3 Rb6 40. h4 Kd5 41. Rd1+ Kc5 42. Rde1 a5 43. h5 h6 44.
gxh6 gxh6 45. Rg1 Rb2 46. Rg6 f5 47. Rexe6 Rxe6 48. Rxe6 Rxc2 49. Rxh6 Rc3+
50. Kg2 Rxa3 51. Rh8 Rd3 52. h6 Rd7 53. Rf8 c3 54. Kg3 Rh7 55. Rc8+ Kd4 56.
Rd8+ Ke3 57. Re8+ Kd2 58. Rd8+ Ke2 59. Re8+ Kd1 60. Rd8+ Kc1 61. Ra8 c2 62.
Rxa5 Rxh6 63. Rxf5 Rc6 64. Rd5 Kb1 65. Rb5+ Ka2 66. Ra5+ Kb2 67. Rb5+ Kc3
0-1

[Event "Richard Riordan GM Rapid"]
[Site "Natanya ISR"]
[Date "2009.07.12"]
[Round "4"]
[White "Beliavsky,A"]
[Black "Nepomniachtchi,I"]
[Result "0-1"]
[WhiteElo "2662"]
[BlackElo "2632"]
[EventDate "2009.07.12"]

1. d4 d5 2. c4 c6 3. Nf3 Nf6 4. Nc3 e6 5. Bg5 h6 6. Bxf6 Qxf6 7. e3 Nd7 8.
Bd3 g6 9. cxd5 exd5 10. O-O Bg7 11. b4 Qd6 12. Qb3 Nb6 13. b5 c5 14. dxc5
Qxc5 15. Rac1 O-O 16. Na4 Qd6 17. Nxb6 axb6 18. a4 Be6 19. Nd4 Rfc8 20. g3
Rc5 21. Rc2 Rac8 22. Rfc1 Bh3 23. Qa2 Bxd4 24. exd4 Rxc2 25. Rxc2 Rxc2 26.
Qxc2 Qb4 27. Bf1 Qe1 28. Qe2 Qa1 29. Qd3 h5 30. Qe2 Kf8 31. Qd3 Bxf1 32.
Qxf1 Qxd4 33. Qc1 Qxa4 34. Qc8+ Kg7 35. Qd7 Qe4 36. Qd6 Qb1+ 37. Kg2 Qxb5
38. Qe5+ Kg8 39. Qb8+ Kh7 40. Qxb7 Kg7 41. h4 d4 42. Kf3 Qc5 43. Qd7 Qf5+
0-1

[Event "Richard Riordan GM Rapid"]
[Site "Natanya ISR"]
[Date "2009.07.13"]
[Round "5"]
[White "Avrukh,B"]
[Black "Sutovsky,E"]
[Result "1-0"]
[WhiteElo "2641"]
[BlackElo "2675"]
[EventDate "2009.07.12"]

1. b3 e5 2. Bb2 d6 3. e3 Nc6 4. Bb5 Qg5 5. Bxc6+ bxc6 6. Qf3 Ne7 7. h3 Bd7
8. Na3 Ng6 9. g3 d5 10. Qe2 e4 11. O-O-O Bd6 12. d3 O-O 13. dxe4 Qe7 14.
Nb1 dxe4 15. Qc4 Rfb8 16. Qd4 f5 17. Nc3 Ne5 18. g4 Rb4 19. Nd5 cxd5 20.
Qxd5+ Be6 21. Qxa8+ Kf7 22. gxf5 Bxf5 23. Ne2 c6 24. Rxd6 Qxd6 25. Qxa7+
Qd7 26. Qxd7+ Nxd7 27. Nd4 Bg6 28. Nxc6 Rb5 29. Rd1 Ke8 30. Bxg7 Bh5 31.
Rd6 Rg5 32. Re6+ Kf7 33. Re7+ 1-0

[Event "Richard Riordan GM Rapid"]
[Site "Natanya ISR"]
[Date "2009.07.13"]
[Round "5"]
[White "Fridman,D2"]
[Black "Golod,V"]
[Result "1-0"]
[WhiteElo "2665"]
[BlackElo "2599"]
[EventDate "2009.07.12"]

1. d4 d5 2. Bg5 h6 3. Bh4 c6 4. e3 Qb6 5. Qc1 e5 6. Nf3 e4 7. Nfd2 Be7 8.
Bg3 Nf6 9. c4 Nh5 10. cxd5 Nxg3 11. hxg3 f5 12. Nc3 Nd7 13. dxc6 bxc6 14.
Bc4 Nf6 15. Qc2 Rb8 16. Rb1 Ba6 17. O-O Bxc4 18. Nxc4 Qa6 19. Ne5 O-O 20.
Na4 Rfc8 21. Rfc1 Kh7 22. Qc4 Qxc4 23. Rxc4 Bd6 24. Nxc6 Rb7 25. Na5 Rxc4
26. Nxc4 Bf8 27. a3 Nd5 28. b4 g6 29. Rc1 Rc7 30. Nc5 Be7 31. Kf1 h5 32.
Ke2 Rc6 33. Ne5 Rb6 34. Nc4 Rc6 35. Na5 Rc7 36. Kd2 Kg8 37. Na4 Rd7 38.
Rc8+ Kg7 39. Nc6 Bg5 40. Ra8 Rd6 41. Rxa7+ Kg8 42. b5 Bf6 43. Rb7 g5 44.
Nc5 h4 45. Rd7 Rxd7 46. Nxd7 Bg7 47. b6 1-0

[Event "Richard Riordan GM Rapid"]
[Site "Natanya ISR"]
[Date "2009.07.13"]
[Round "5"]
[White "Nepomniachtchi,I"]
[Black "Gelfand,B"]
[Result "1/2-1/2"]
[WhiteElo "2632"]
[BlackElo "2755"]
[EventDate "2009.07.12"]

1. e4 e5 2. Nf3 Nf6 3. Nxe5 d6 4. Nf3 Nxe4 5. Nc3 Nxc3 6. dxc3 Be7 7. Be3
Nd7 8. Qe2 O-O 9. O-O-O Bf6 10. g4 Re8 11. g5 Be5 12. Qc4 Nb6 13. Qh4 Bf5
14. Bg2 Qd7 15. Nxe5 Rxe5 16. b3 Rae8 17. Rhe1 c6 18. Qb4 Nd5 19. Bxd5 cxd5
20. Rd4 b6 21. Red1 Re4 22. a4 Qc6 23. Kb2 Rc8 24. Rxe4 Bxe4 25. Bd4 Qd7
26. Re1 Bg6 27. Re2 Qg4 28. Rd2 Qxg5 29. Be3 Qe5 30. Bf4 Qe6 31. Bxd6 h6
32. Bf4 Be4 33. Qd4 Qc6 34. Re2 Qc5 35. Qd2 Qc6 36. Re3 Re8 37. Rg3 Bg6 38.
Be3 Re4 39. f3 Re6 40. h4 Qe8 41. f4 Kh7 42. Qf2 Bf5 43. h5 f6 44. Qf3 Re4
45. Qe2 a6 46. Qf3 b5 47. axb5 axb5 48. Bd4 Re2 49. Rg2 Rxg2 50. Qxg2 Qe4
51. Qf2 Bg4 52. Bc5 Bxh5 53. Bf8 Bg6 54. Qa7 Qxc2+ 55. Ka3 Qc1+ 56. Kb4
Qxf4+ 57. Ka5 Bf7 58. Qxf7 Qg5 59. Bc5 h5 60. Kxb5 h4 61. Qe6 Qh5 62. Qd6
h3 63. Qh2 Qf3 64. Bd4 g5 65. Kc6 g4 66. b4 Qf1 67. b5 Qc4+ 68. Bc5 d4 69.
cxd4 Qe6+ 70. Kc7 Qf7+ 71. Kd6 f5 72. b6 f4 73. Kc6 Qe6+ 74. Bd6 Qc4+ 75.
Bc5 Qe6+ 76. Bd6 Qc4+ 77. Bc5 1/2-1/2

[Event "Richard Riordan GM Rapid"]
[Site "Natanya ISR"]
[Date "2009.07.13"]
[Round "6"]
[White "Najer,E"]
[Black "Fridman,D2"]
[Result "1-0"]
[WhiteElo "2663"]
[BlackElo "2665"]
[EventDate "2009.07.12"]

1. e4 c6 2. d4 d5 3. e5 c5 4. Nf3 Bg4 5. c4 cxd4 6. Qxd4 Bxf3 7. gxf3 Nc6
8. Qxd5 Qc7 9. f4 e6 10. Qe4 O-O-O 11. Nc3 f5 12. Qb1 Nd4 13. Be3 Qc6 14.
Bxd4 Rxd4 15. Rg1 Rxf4 16. Qc1 Qf3 17. Qe3 Qxe3+ 18. fxe3 Rh4 19. Bg2 Ne7
20. Nb5 Nc6 21. Bxc6 bxc6 22. Nd4 g6 23. O-O-O Bh6 24. Rge1 Re4 25. Kb1
Bxe3 26. Nxc6 Kc7 27. Rd6 Re8 28. b4 f4 29. c5 f3 30. Kc2 Rf4 31. a3 a6 32.
Kd3 Bf2 33. Rf1 Bh4 34. Nd4 Kb7 35. Nxe6 Rf5 36. Ke4 f2 37. c6+ Kc8 38. c7
Rxe6 39. Rxe6 Kxc7 40. Rxa6 Rg5 41. Rd6 Rg2 42. Rh1 Rxh2 43. Rc1+ Kb7 44.
e6 Rg2 45. Rdd1 Rg4+ 46. Kf3 Rg5 47. Rh1 Rh5 48. Rxh4 Rxh4 49. e7 Rh3+ 50.
Ke4 1-0

[Event "Richard Riordan GM Rapid"]
[Site "Natanya ISR"]
[Date "2009.07.13"]
[Round "7"]
[White "Avrukh,B"]
[Black "Gelfand,B"]
[Result "1/2-1/2"]
[WhiteElo "2641"]
[BlackElo "2755"]
[EventDate "2009.07.12"]

1. d4 Nf6 2. c4 e6 3. Nc3 Bb4 4. e3 O-O 5. Nge2 d5 6. a3 Be7 7. cxd5 Nxd5
8. Qc2 Nd7 9. g3 Nxc3 10. Nxc3 e5 11. d5 f5 12. e4 f4 13. Be2 Bd6 14. Bd2
a6 15. f3 Nf6 16. O-O-O Bd7 17. Na2 Qe8 18. Rde1 Ba4 19. Qd3 Bb5 20. Qb3
Kh8 21. Bxb5 axb5 22. gxf4 exf4 23. Nb4 Nd7 24. Nd3 Ne5 25. Rhf1 c5 26.
dxc6 Qxc6+ 27. Kb1 Nc4 28. Bc1 Rfc8 29. Rf2 Qb6 30. Rc2 Qd4 31. Nxf4 Bxf4
32. Bxf4 b4 33. Be3 Nxe3 34. Qxe3 Qd6 35. Qd2 Qxd2 36. Rxd2 bxa3 37. Red1
axb2 38. Kxb2 Rf8 39. Rd3 g6 40. Rd7 Rxf3 41. Rxb7 Rh3 42. Rd2 Re8 43. e5
Re3 44. Rdd7 Re2+ 45. Kc3 Rxh2 46. Kd4 Rd2+ 47. Ke4 Rxd7 48. Rxd7 Kg8 49.
Kf4 h5 50. Ke4 h4 51. Kf4 g5+ 52. Kf5 1/2-1/2

[Event "Richard Riordan GM Rapid"]
[Site "Natanya ISR"]
[Date "2009.07.13"]
[Round "8"]
[White "Golod,V"]
[Black "Roiz,M"]
[Result "1/2-1/2"]
[WhiteElo "2599"]
[BlackElo "2658"]
[EventDate "2009.07.12"]

1. d4 d5 2. c4 e6 3. Nf3 Nf6 4. Nc3 Bb4 5. cxd5 exd5 6. Bg5 O-O 7. Rc1 Be6
8. a3 Bxc3+ 9. Rxc3 Nbd7 10. e3 h6 11. Bh4 g5 12. Bg3 Ne4 13. Rc2 c5 14.
dxc5 Qa5+ 15. Nd2 1/2-1/2

[Event "Richard Riordan GM Rapid"]
[Site "Natanya ISR"]
[Date "2009.07.13"]
[Round "8"]
[White "Fridman,D2"]
[Black "Eljanov,P"]
[Result "0-1"]
[WhiteElo "2665"]
[BlackElo "2716"]
[EventDate "2009.07.12"]

1. d4 Nf6 2. c4 e6 3. Nf3 c5 4. d5 d6 5. Nc3 exd5 6. cxd5 g6 7. h3 Bg7 8.
e4 a6 9. a4 Nbd7 10. Bd3 Nh5 11. Bg5 Bf6 12. Be3 Ne5 13. Be2 Nxf3+ 14. Bxf3
Ng7 15. Qd2 O-O 16. O-O Be5 17. Bf4 Qe7 18. Rfe1 Bd7 19. a5 Rab8 20. Be2 f6
21. Be3 f5 22. f4 Bxc3 23. bxc3 fxe4 24. g4 Ne8 25. Rab1 Nf6 26. Kh2 h5 27.
Kg3 Kf7 28. Rf1 Rh8 29. c4 hxg4 30. hxg4 Nxg4 31. Rh1 Nh6 32. Qc3 Nf5+ 33.
Kf2 Rh4 34. Rbg1 Rbh8 35. Qxh8 Rxh8 36. Rxh8 Qf6 37. Rgh1 Qb2 38. R1h7+ Ng7
39. f5 g5 40. Bxg5 Bxf5 41. Rh6 e3+ 42. Kg3 Bg6 43. Rh2 Qc3 44. Rb8 Qe1+
45. Kf4 Qb1 46. Kxe3 Qc1+ 47. Kf2 Qxg5 48. Rxb7+ Kf6 49. Rg2 Qf4+ 50. Kg1
Nf5 51. Rf2 Qg3+ 52. Kf1 Ke5 53. Ke1 Qc3+ 54. Kf1 Qc1+ 55. Kg2 Qg5+ 56. Kh1
Ng3+ 57. Kh2 Be4 58. Bf3 Nf5 59. Bg2 Qh4+ 60. Kg1 Bxg2 61. Kxg2 Ne3+ 62.
Kf3 Qe4+ 63. Kg3 Nf5+ 64. Kh2 Qh4+ 65. Kg1 Ne3 66. Rg7 Kd4 67. Re2 Qf4 68.
Rf2 Qe5 69. Rgf7 Kxc4 70. R7f3 Kxd5 71. Re2 Qg5+ 72. Kf2 Ng4+ 73. Kg2 Ne5+
74. Rg3 Qf5 75. Rge3 c4 76. Rf2 Qxf2+ 0-1

[Event "Richard Riordan GM Rapid"]
[Site "Natanya ISR"]
[Date "2009.07.13"]
[Round "8"]
[White "Najer,E"]
[Black "Nepomniachtchi,I"]
[Result "1/2-1/2"]
[WhiteElo "2663"]
[BlackElo "2632"]
[EventDate "2009.07.12"]

1. e4 c5 2. Nf3 d6 3. Bb5+ Nd7 4. O-O Ngf6 5. Re1 a6 6. Bf1 b6 7. c3 Bb7 8.
d3 g6 9. Nbd2 Bg7 10. d4 cxd4 11. cxd4 O-O 12. b3 e5 13. Bb2 exd4 14. Bxd4
Re8 15. Qc2 Rc8 16. Qb2 Ne5 17. Rad1 Nfd7 18. Nxe5 dxe5 19. Be3 b5 20. a4
Bc6 21. axb5 axb5 22. Nb1 Qc7 23. Nc3 Qb7 24. Nd5 Nf6 25. Nxf6+ Bxf6 26. f3
Bd8 27. b4 Bb6 28. Bxb6 Qxb6+ 29. Qf2 Qxf2+ 30. Kxf2 Re6 31. Rc1 Ra8 32.
Ra1 Ree8 33. Rxa8 Rxa8 34. Rc1 Bd7 35. Rc5 Ra2+ 36. Kg3 Rb2 37. Bxb5 Bxb5
38. Rxb5 Kg7 39. h4 h5 40. Rb8 Kf6 41. b5 Kg7 42. b6 Kf6 43. Kh2 Rb1 44.
Kg3 Rb2 45. Kh2 Rb1 46. g3 Rb2+ 47. Kg1 Kg7 48. g4 Rb4 49. b7 Rb2 50. Kf1
g5 51. hxg5 h4 52. Kg1 h3 53. Kh1 Kh7 54. Re8 Rxb7 55. Rxe5 Rb2 56. Rf5 Kg6
57. Kg1 Rg2+ 58. Kh1 Rb2 59. f4 Rg2 60. Rf6+ Kg7 61. e5 Rxg4 62. Kh2 Rh4
63. f5 Rh5 64. g6 fxg6 65. Rxg6+ Kh7 66. Rf6 Kg7 67. Rg6+ Kf8 68. Rf6+ Ke7
69. Re6+ Kf7 70. Rf6+ 1/2-1/2

[Event "Richard Riordan GM Rapid"]
[Site "Natanya ISR"]
[Date "2009.07.14"]
[Round "9"]
[White "Nepomniachtchi,I"]
[Black "Fridman,D2"]
[Result "1-0"]
[WhiteElo "2632"]
[BlackElo "2665"]
[EventDate "2009.07.12"]

1. e4 e5 2. Nf3 Nf6 3. d4 Nxe4 4. dxe5 d5 5. Nbd2 Nxd2 6. Bxd2 c5 7. c4 Nc6
8. Qc2 Be6 9. cxd5 Qxd5 10. Bc3 Be7 11. Bd3 Rc8 12. O-O Nb4 13. Bxb4 cxb4
14. Qe2 O-O 15. Rfd1 Qc6 16. Nd4 Qb6 17. g3 Bc5 18. Nxe6 fxe6 19. Rf1 Rcd8
20. Be4 b3 21. axb3 Qxb3 22. Kg2 Rd7 23. Rac1 Qb6 24. Rc2 g6 25. h4 Kh8 26.
h5 g5 27. h6 Rdf7 28. Qh5 Qb4 29. f3 Be7 30. Rff2 Qd4 31. Rc7 g4 32. Qxg4
Qxe5 33. Rfc2 Rg8 34. Rc8 Bf8 35. Qh4 b6 36. g4 Qf4 37. Re8 Qxh6 38. Qxh6
Bxh6 39. Rxe6 Bf4 40. Kf2 Rd8 41. Bf5 Kg7 42. Re4 Rd2+ 43. Rxd2 Bxd2 44.
Kg3 Bc1 45. b3 Ba3 46. f4 Rc7 47. g5 h6 48. Kg4 hxg5 49. fxg5 Re7 50. Rc4
a5 51. Rc6 Bc5 52. Rg6+ Kf7 53. Kh5 Re1 54. Rf6+ Kg7 55. Rc6 Rh1+ 56. Kg4
Rg1+ 57. Kf4 Re1 58. Be4 Rf1+ 59. Ke5 Rf7 60. Rg6+ Kf8 61. Bd5 Re7+ 62. Be6
Rg7 63. Rf6+ Ke8 64. g6 Ke7 65. Bf7 Bd4+ 66. Kxd4 Kxf6 67. Kc4 Ke5 1-0

[Event "Richard Riordan GM Rapid"]
[Site "Natanya ISR"]
[Date "2009.07.14"]
[Round "9"]
[White "Roiz,M"]
[Black "Najer,E"]
[Result "0-1"]
[WhiteElo "2658"]
[BlackElo "2663"]
[EventDate "2009.07.12"]

1. c4 e5 2. Nc3 Nc6 3. Nf3 Nf6 4. g3 Bb4 5. Bg2 Bxc3 6. bxc3 O-O 7. O-O e4
8. Nd4 Ne5 9. d3 c5 10. Nc2 exd3 11. exd3 d5 12. Bf4 Ng6 13. Bg5 h6 14. Be3
b6 15. d4 Ba6 16. dxc5 Bxc4 17. Re1 Re8 18. Na3 Ba6 19. cxb6 axb6 20. Qb3
Re6 21. c4 Bb7 22. cxd5 Bxd5 23. Bxd5 Qxd5 24. Qxd5 Nxd5 25. Nc2 Rc6 26.
Nd4 Rc4 27. Nf5 Ne5 28. Kg2 g6 29. Nd6 Rc2 30. Bd4 Nc6 31. Rad1 Rd8 32.
Re8+ Rxe8 33. Nxe8 Rxa2 34. Nf6+ Nxf6 35. Bxf6 g5 36. h4 gxh4 37. gxh4 Kh7
38. Rd6 Rc2 39. h5 Rc5 40. Kg3 b5 41. f4 b4 42. Kg4 Kg8 43. Rd7 Kf8 44. Rc7
Ke8 45. Rc8+ Kd7 46. Rh8 Ne7 47. Bxe7 Kxe7 48. Rb8 f5+ 49. Kg3 Rc3+ 50. Kh4
Rc4 51. Kg3 Kd7 52. Kf3 Kc7 53. Rb5 Kc6 54. Rxf5 b3 55. Rf6+ Kc5 56. Rf5+
Kc6 57. Rf6+ Kb5 58. Rf8 Rb4 59. Rb8+ Kc4 60. Rc8+ Kd3 61. Rd8+ Kc2 62.
Rc8+ Kd2 63. Rd8+ Kc3 64. Rc8+ Rc4 65. Rg8 b2 66. Rg1 Kb3 67. Rb1 Rc1 68.
Rxb2+ Kxb2 69. Kg4 Kc3 70. Kf5 Kd4 71. Kg6 0-1

[Event "Richard Riordan GM Rapid"]
[Site "Natanya ISR"]
[Date "2009.07.14"]
[Round "9"]
[White "Rodshtein,M"]
[Black "Gelfand,B"]
[Result "1/2-1/2"]
[WhiteElo "2623"]
[BlackElo "2755"]
[EventDate "2009.07.12"]

1. d4 d5 2. Nf3 Nf6 3. c4 c6 4. e3 Bg4 5. Nc3 e6 6. h3 Bh5 7. g4 Bg6 8. Nh4
Bb4 9. Qb3 c5 10. Nxg6 hxg6 11. Bg2 Nc6 12. cxd5 exd5 13. dxc5 d4 14. exd4
Nxd4 15. Qa4+ Qd7 16. Qxd7+ Kxd7 17. O-O Bxc3 18. Rd1 Kc8 19. bxc3 Ne2+ 20.
Kf1 Nxc1 21. Raxc1 Kc7 22. Rb1 Rab8 23. Rd4 Nd7 24. Rc4 Ne5 25. Ra4 Nc6 26.
Rd1 Rbd8 27. Rb1 Rb8 28. f4 f6 29. Re4 Rhe8 30. Kf2 g5 31. Kg3 Rbd8 32.
Rxe8 Rxe8 33. Kf3 Rd8 34. Ke3 Re8+ 35. Be4 gxf4+ 36. Kxf4 Re5 37. c4 g5+
38. Ke3 Rxc5 39. Bd5 Ra5 40. Ke4 Rxa2 41. Rf1 Ra3 42. Kf5 Ne7+ 43. Kxf6
Nxd5+ 44. cxd5 Rxh3 45. Kxg5 Kd6 46. Rd1 b5 47. Ra1 Rh7 48. Kf6 Kxd5 49. g5
b4 50. g6 Rb7 51. g7 Rxg7 1/2-1/2

[Event "Richard Riordan GM Rapid"]
[Site "Natanya ISR"]
[Date "2009.07.14"]
[Round "10"]
[White "Najer,E"]
[Black "Avrukh,B"]
[Result "1-0"]
[WhiteElo "2663"]
[BlackElo "2641"]
[EventDate "2009.07.12"]

1. e4 c5 2. Nf3 d6 3. Bb5+ Nd7 4. O-O Ngf6 5. Re1 a6 6. Bf1 b6 7. c3 Bb7 8.
d3 g6 9. Nbd2 Bg7 10. d4 cxd4 11. cxd4 O-O 12. b3 b5 13. Bb2 Qb6 14. h3
Rac8 15. a4 Rc7 16. axb5 axb5 17. b4 Ra8 18. Qb3 Rxa1 19. Bxa1 e6 20. Qd3
Qa7 21. Qb1 Qa4 22. Be2 Nb6 23. d5 exd5 24. e5 dxe5 25. Bxe5 Re7 26. Qb2
Qa6 27. Bxf6 Na4 28. Bxg7 Nxb2 29. Bxb2 Qa4 30. Bc3 Qa3 31. Nb1 Qa2 32. Nd4
f6 33. Nd2 Qa8 34. N2b3 Bc8 35. Ra1 Ra7 36. Rc1 Ra3 37. Bxb5 Bf5 38. Bc6
Qd8 39. Nc5 Be4 40. b5 Qb6 41. Nd7 Qa7 42. b6 1-0